000 00749nam a2200253Ia 4500
003 OSt
005 20220918170902.0
006 a|||||r|||| 00| 0
007 ta
008 220917b |||||||| |||| 00| 0 eng d
020 _a9780761964247 (pbk)
_c1686.31
024 _a245,403
037 _b005, 21/01/2011, Independent Publishers Group
_cTextual
040 _aARTS
_cARTS
_beng
041 _2eng
_aeng
082 _a#:f, P9
100 _aSimons Helen
_931986
245 0 _aCase study research in practice
260 _aLos Angeles
_b Sage UK
_c2009
300 _a189p.
_ccm.
650 _aSOCIAL SCIENCES
942 _h#:f, P9
_cTEXL
_2CC
999 _c136454
_d136454